Normal view
MARC view
- Recontres philosophiques de l'Unesco
Entry Nombre de Reunión
001 - NÚMERO DE CONTROL
- campo de control: 59492
003 - IDENTIFICADOR DE NÚMERO DE CONTROL
- campo de control: MX-MxUPN
005 - FECHA Y HORA DE LA ÚLTIMA TRANSACCIÓN
- campo de control: 20260512120946.0
008 - DATOS DE LONGITUD FIJA
- campo de control de longitud fija: 260512nn acannaabn n ana d
040 ## - FUENTE DE CATALOGACIÓN
- Agencia original de catalogación: MX-MxUPN
- Lenguaje de catalogación: spa
111 2# - ENCABEZAMIENTO - NOMBRE DE REUNIÓN
- Nombre de reunión o de jurisdicción: Recontres philosophiques de l'Unesco
- Número de la parte, sección o reunión: (2° :
- Fecha de la reunión : 1996 :
- Lugar de la reunión: París)
670 ## - FUENTE EN LA QUE SE LOCALIZARON DATOS
- Cita de la fuente: Qui sommes-nous?, 1996 :
- Información localizada: cubierta (27-30 mars 1996, Deuxiemes Rencontres Philosophiques de l'Unesco)
902 ## - CATALOGADOR
- Catalogador: VíctorGodínez/120526
